ბათუმის შოთა რუსთაველის სახელმწიფო უნივერსიტეტის ბიბლიოთეკა

Конституционный контроль и конституционное правосудие зарубежных стран : (ბიბ.ჩანაწერი № 36147)

000 -LEADER
fixed length control field 01164nam a2200229Ia 4500
001 - CONTROL NUMBER
control field 2049
003 - CONTROL NUMBER IDENTIFIER
control field GE_BSU
005 - DATE AND TIME OF LATEST TRANSACTION
control field 20221007103840.0
008 - FIXED-LENGTH DATA ELEMENTS--GENERAL INFORMATION
fixed length control field 181216s2007ru xx |||||||||||||| ||rus||
020 ## - INTERNATIONAL STANDARD BOOK NUMBER
International Standard Book Number 9785713312794
040 ## - CATALOGING SOURCE
Transcribing agency GE_BSU
041 ## - LANGUAGE CODE
Language code of text/sound track or separate title rus
080 ## - UNIVERSAL DECIMAL CLASSIFICATION NUMBER
Universal Decimal Classification number 343.196(075.8) К-49
100 ## - MAIN ENTRY--PERSONAL NAME
Personal name Клишас,А.А.
9 (RLIN) 15124
245 ## - TITLE STATEMENT
Title Конституционный контроль и конституционное правосудие зарубежных стран :
Remainder of title Сравнительно-правовое исследование /
Statement of responsibility, etc. А.А. Клишас, Под общ. ред. В.В. Еремяна.
264 ## - PRODUCTION, PUBLICATION, DISTRIBUTION, MANUFACTURE, AND COPYRIGHT NOTICE
Place of production, publication, distribution, manufacture Москва :
Name of producer, publisher, distributor, manufacturer ,,Международные отношения",
Date of production, publication, distribution, manufacture, or copyright notice 2007.
300 ## - PHYSICAL DESCRIPTION
Extent 496 стр.:
Other physical details 21см.
653 ## - INDEX TERM--UNCONTROLLED
keyword Конституционный контроль и конституционное правосудие зарубежных стран
653 ## - INDEX TERM--UNCONTROLLED
keyword უცხო ქვეყნების კონსტიტუციური კონტროლი და კონსტიტუციური სამართალი
653 ## - INDEX TERM--UNCONTROLLED
keyword სამართალი
942 ## - ADDED ENTRY ELEMENTS (KOHA)
Koha item type წიგნი
Source of classification or shelving scheme
ეგზემპლარები
Withdrawn status Lost status Source of classification or shelving scheme Damaged status Not for loan Permanent Location Current Location Shelving location Date acquired Cost, normal purchase price Full call number Barcode Date last seen Copy number Price effective from Koha item type Public note
          ბათუმის შოთა რუსთაველის სახელმწიფო უნივერსიტეტის მთავარი ბიბლიოთეკა ბათუმის შოთა რუსთაველის სახელმწიფო უნივერსიტეტის მთავარი ბიბლიოთეკა წიგნსაცავი 2018-12-17 20.00 343.196(075.8) К-49 3877 2018-12-17 3877 2018-12-17 წიგნი 20.00